000 00612nam a22001817a 4500
082 _a363.7
_bHUA
_cN-01, P-126, p-92
100 _aHuang, Jerry.,
_938090
245 _aAll about GPS: sherlock homes guide to the global positioning system
_cHuang Jerry.
260 _aUSA:
_b1st Book Library,
_c1997.
300 _a118.:
_bill.:
526 _a0
_b0
_c0
_d363_700000000000000_HUA
526 _a0
_b0
_c0
_d363_700000000000000_HUA
526 _a0
_b0
_c0
_d363_700000000000000_HUA
526 _a0
_b0
_c0
_d363_700000000000000_HUA
526 _a0
_b0
_c0
_d363_700000000000000_HUA
650 _aNUST
_96342
942 _2ddc
_cBK
999 _c542767
_d542767